Strategie firemní komunikace
Salvato in:
| Autore principale: | |
|---|---|
| Altri autori: | , |
| Natura: | Libro |
| Lingua: | ceco |
| Pubblicazione: |
Praha
Management Press
2000
|
| Soggetti: | |
| Tags: |
Nessun Tag, puoi essere il primo ad aggiungerne!!
|
MARC
| LEADER | 00000nam a2200000 4500 | ||
|---|---|---|---|
| 001 | c120505 | ||
| 005 | 20221108093429.2 | ||
| 020 | |a 80-85943-99-9 | ||
| 041 | 0 | |a cze | |
| 044 | |a CZ | ||
| 245 | 1 | 0 | |a Strategie firemní komunikace |c Iveta Horáková, Dita Stejskalová, Hana Škapová |
| 264 | 1 | |a Praha |b Management Press |c 2000 | |
| 300 | |a 233 s. | ||
| 610 | 2 | 0 | |a komunikácia |
| 610 | 2 | 0 | |a komunikácia manažérska |
| 610 | 2 | 0 | |a komunikácia marketingová |
| 610 | 2 | 0 | |a identita podniková |
| 610 | 2 | 0 | |a správa štátna |
| 610 | 2 | 0 | |a zákonodarstvo |
| 610 | 2 | 0 | |a logo |
| 610 | 2 | 0 | |a známky ochranné |
| 610 | 2 | 0 | |a značky výrobné |
| 610 | 2 | 0 | |a technológie komunikačné |
| 610 | 2 | 0 | |a reklama |
| 610 | 2 | 0 | |a podpora predaja |
| 610 | 2 | 0 | |a médiá |
| 610 | 2 | 0 | |a marketing |
| 610 | 2 | 0 | |a manažéri |
| 100 | 1 | |a Horáková, Iveta | |
| 700 | 1 | |a Stejskalová, Dita | |
| 700 | 1 | |a Škapová, Hana | |